[Event "Mecklenburg VP LL2 West 0405"]
[Site "Mecklenburg VP"]
[Date "2004.11.28"]
[Round "3.1"]
[White "Raessler, Arndt"]
[Black "Riek, Jens Uwe"]
[Result "1-0"]
[WhiteElo "1859"]
[BlackElo "2021"]
[PlyCount "143"]
[EventDate "2004.10.24"]
[EventType "team-tourn"]
[EventRounds "9"]
[EventCountry "GER"]
[SourceTitle "EXT 2016"]
[Source "ChessBase"]
[SourceDate "2015.10.08"]
[SourceVersion "1"]
[SourceVersionDate "2015.10.08"]
[SourceQuality "1"]
[WhiteTeam "Wismar ASV Gruen-Weiss II"]
[BlackTeam "Putlitz"]
[WhiteTeamCountry "GER"]
[BlackTeamCountry "GER"]

1. d4 d5 2. Nf3 Nf6 3. Bf4 e6 4. e3 Bd6 5. Bxd6 Qxd6 6. c3 Nc6 7. Nbd2 0-0 8. Bd3 e5 9. dxe5 Nxe5 10. Nxe5 Qxe5 11. Nf3 Qh5 12. Be2 Bg4 13. Nd4 c6 14. Bxg4 Qxg4 15. Qxg4 Nxg4 16. 0-0 Rfe8 17. Rac1 Ne5 18. Rc2 g6 19. h3 Re7 20. g3 Rae8 21. Kg2 Kf8 22. Nf3 Nc4 23. b3 Nb6 24. Rd1 a5 25. c4 dxc4 26. bxc4 Rd7 27. Rb1 Nc8 28. c5 Ree7 29. Rb3 Rd5 30. Ra3 b6 31. cxb6 Nxb6 32. Rxc6 Rb5 33. Nd4 Rb4 34. Rxa5 Rb7 35. Rb5 Rxb5 36. Nxb5 Nd5 37. Rc5 Nb4 38. a3 Nd3 39. Rd5 Nb2 40. Kf3 Rb6 41. Ke2 Ra6 42. Rd4 Ra5 43. Rb4 Na4 44. f4 Rxb5 45. Rxa4 Rb3 46. g4 Ke7 47. Re4+ Kd6 48. a4 Ra3 49. g5 Kd7 50. Rb4 Ke7 51. Rb7+ Kf8 52. Ra7 Kg7 53. a5 h6 54. gxh6+ Kxh6 55. Rxf7 Rxa5 56. Kf3 Ra4 57. e4 Ra3+ 58. Kg4 Re3 59. e5 Re1 60. Rd7 Rg1+ 61. Kh4 Rf1 62. Rd4 Re1 63. Kg3 g5 64. Kf2 Rh1 65. f5 Rxh3 66. e6 Kg7 67. e7 Kf7 68. f6 Rh6 69. Rd6 Rh8 70. Rd8 Rh2+ 71. Kg3 Re2 72. Rf8+ 1-0

[Event "Mecklenburg VP-ch MT"]
[Site "Neubrandenburg"]
[Date "2004.04.05"]
[Round "7"]
[White "Moeller, Peter"]
[Black "Riek, Jens Uwe"]
[Result "1/2-1/2"]
[WhiteElo "2007"]
[BlackElo "2015"]
[PlyCount "103"]
[EventDate "2004.04.02"]
[EventType "swiss"]
[EventRounds "9"]
[EventCountry "GER"]
[SourceTitle "EXT 2009"]
[Source "ChessBase"]
[SourceDate "2008.11.26"]
[SourceVersion "1"]
[SourceVersionDate "2008.11.26"]
[SourceQuality "1"]

1. g3 d5 2. Bg2 Nf6 3. d3 c5 4. Nd2 Nc6 5. e4 e6 6. Ngf3 dxe4 7. dxe4 Be7 8. 0-0 0-0 9. Qe2 Qc7 10. a4 Rd8 11. Nc4 e5 12. c3 h6 13. Nh4 Be6 14. Nf5 Bf8 15. f4 Bxc4 16. Qxc4 Na5 17. Qe2 Nb3 18. fxe5 Nxc1 19. Raxc1 Qxe5 20. Rc2 Rab8 21. Qf3 Kh7 22. Ne3 Qe6 23. Nd5 Be7 24. Re2 Rf8 25. Kh1 b6 26. Qd3 Kg8 27. Qa6 Rbd8 28. a5 Rb8 29. c4 Nxd5 30. cxd5 Qd7 31. axb6 axb6 32. e5 f6 33. Qc4 Kh8 34. d6 Bd8 35. Rd2 Re8 36. exf6 Bxf6 37. Be4 Re5 38. Bg6 Qc6+ 39. Kg1 Rd8 40. Rfd1 b5 41. Qf7 Qd7 42. Rd5 Qxf7 43. Bxf7 g5 44. b3 Kg7 45. Bh5 b4 46. R1d3 Re4 47. Kg2 Bd4 48. d7 Kf6 49. Rd6+ Ke7 50. Rxh6 Kxd7 51. Rg6 Re5 52. Kh3 1/2-1/2

[Event "Mecklenburg VP-ch MT"]
[Site "Neubrandenburg"]
[Date "2004.04.04"]
[Round "5"]
[White "Riek, Jens Uwe"]
[Black "Kutschke, Peter"]
[Result "1/2-1/2"]
[WhiteElo "2015"]
[BlackElo "2124"]
[PlyCount "26"]
[EventDate "2004.04.02"]
[EventType "swiss"]
[EventRounds "9"]
[EventCountry "GER"]
[SourceTitle "EXT 2009"]
[Source "ChessBase"]
[SourceDate "2008.11.26"]
[SourceVersion "1"]
[SourceVersionDate "2008.11.26"]
[SourceQuality "1"]

1. e4 d5 2. exd5 Nf6 3. d4 Nxd5 4. Nf3 g6 5. Be2 Bg7 6. c4 Nb6 7. Nc3 Bg4 8. Be3 Nc6 9. d5 Bxf3 10. Bxf3 Ne5 11. Be2 0-0 12. Qb3 c6 13. 0-0 cxd5 1/2-1/2

[Event "Mecklenburg VP LL2 West 0304"]
[Site "Mecklenburg VP"]
[Date "2004.03.28"]
[Round "8.3"]
[White "Riek, Jens Uwe"]
[Black "Dettmann, Holger"]
[Result "1/2-1/2"]
[WhiteElo "1916"]
[BlackElo "2034"]
[PlyCount "61"]
[EventDate "2003.09.28"]
[EventType "team-tourn"]
[EventRounds "9"]
[EventCountry "GER"]
[SourceTitle "EXT 2022"]
[Source "ChessBase"]
[SourceDate "2021.10.06"]
[SourceVersion "1"]
[SourceVersionDate "2021.10.06"]
[SourceQuality "1"]
[WhiteTeam "Putlitz"]
[BlackTeam "Guestrow/Teterow"]
[WhiteTeamCountry "GER"]
[BlackTeamCountry "GER"]

1. e4 d6 2. d4 Nd7 3. Nf3 e5 4. Be2 Ngf6 5. Nc3 Be7 6. 0-0 0-0 7. Bg5 c6 8. Kh1 Re8 9. Qd2 Qc7 10. Rad1 a6 11. Ne1 b5 12. f3 b4 13. Na4 Qa5 14. b3 exd4 15. Bxf6 Nxf6 16. Qxd4 c5 17. Qd2 Bd7 18. Bc4 Bxa4 19. bxa4 Qxa4 20. Nd3 Red8 21. Nf4 Qe8 22. Qe2 Bf8 23. Nd5 Nxd5 24. Rxd5 a5 25. Rfd1 g6 26. Qd3 Rdb8 27. f4 Ra7 28. e5 dxe5 29. fxe5 Re7 30. Rxc5 Rxe5 31. Rxe5 1/2-1/2

[Event "Mecklenburg VP LL2 West 0304"]
[Site "Mecklenburg VP"]
[Date "2004.02.15"]
[Round "6.3"]
[White "Riek, Jens Uwe"]
[Black "Van Bentum, Horst"]
[Result "1/2-1/2"]
[WhiteElo "1916"]
[BlackElo "2040"]
[PlyCount "34"]
[EventDate "2003.09.28"]
[EventType "team-tourn"]
[EventRounds "9"]
[EventCountry "GER"]
[SourceTitle "EXT 2022"]
[Source "ChessBase"]
[SourceDate "2021.10.06"]
[SourceVersion "1"]
[SourceVersionDate "2021.10.06"]
[SourceQuality "1"]
[WhiteTeam "Putlitz"]
[BlackTeam "Rostock PSV II"]
[WhiteTeamCountry "GER"]
[BlackTeamCountry "GER"]

1. e4 e5 2. Nf3 Nc6 3. Bb5 a6 4. Ba4 Nf6 5. 0-0 Nxe4 6. d4 b5 7. Bb3 Be7 8. Re1 d5 9. dxe5 Be6 10. c3 0-0 11. a4 Qd7 12. axb5 axb5 13. Rxa8 Rxa8 14. Nbd2 Nc5 15. Bc2 Bf5 16. Nf1 Rd8 17. Ng3 Bxc2 1/2-1/2

[Event "Mecklenburg VP LL2 West 0304"]
[Site "Mecklenburg VP"]
[Date "2003.09.28"]
[Round "1.2"]
[White "Riek, Jens Uwe"]
[Black "Wiese, Frank"]
[Result "1-0"]
[WhiteElo "1916"]
[BlackElo "1915"]
[PlyCount "103"]
[EventDate "2003.09.28"]
[EventType "team-tourn"]
[EventRounds "9"]
[EventCountry "GER"]
[SourceTitle "EXT 2022"]
[Source "ChessBase"]
[SourceDate "2021.10.06"]
[SourceVersion "1"]
[SourceVersionDate "2021.10.06"]
[SourceQuality "1"]
[WhiteTeam "Putlitz"]
[BlackTeam "Neukloster VfL Blau Weiss"]
[WhiteTeamCountry "GER"]
[BlackTeamCountry "GER"]

1. e4 e5 2. Nf3 Nc6 3. Bb5 a6 4. Ba4 Nf6 5. 0-0 Nxe4 6. Re1 Nc5 7. Nxe5 Nxe5 8. Rxe5+ Be7 9. c3 Nxa4 10. Qxa4 0-0 11. d4 d6 12. Re1 Bf5 13. Bf4 Bg5 14. d5 b5 15. Qd4 Bf6 16. Qd2 Qd7 17. Na3 a5 18. Nc2 Bxc2 19. Qxc2 Rfe8 20. Rac1 Qg4 21. Qd2 g5 22. Bg3 h6 23. b3 a4 24. Re3 axb3 25. axb3 Qf5 26. c4 bxc4 27. bxc4 Reb8 28. h3 h5 29. Qd3 Qxd3 30. Rxd3 Rb2 31. c5 h4 32. cxd6 hxg3 33. dxc7 Kg7 34. fxg3 Raa2 35. c8Q Rxg2+ 36. Kf1 Rgf2+ 37. Ke1 Rh2 38. Qf5 Rae2+ 39. Kd1 Ra2 40. Qf1 Bb2 41. Rb1 Bf6 42. d6 Bd8 43. d7 f6 44. Qg1 Rxh3 45. Rd2 Ra3 46. Qg2 Rh8 47. Rb8 Ra7 48. Rxd8 Rxd8 49. Qd5 Ra1+ 50. Ke2 Ra7 51. Qe6 Raa8 52. Rd6 1-0

[Event "Mecklenburg VP LL2 West 0203"]
[Site "Mecklenburg VP"]
[Date "2003.03.30"]
[Round "9.1"]
[White "Riek, Jens Uwe"]
[Black "Konrad, Andreas"]
[Result "1/2-1/2"]
[WhiteElo "1903"]
[BlackElo "1769"]
[PlyCount "87"]
[EventDate "2002.10.20"]
[EventType "team-tourn"]
[EventRounds "9"]
[EventCountry "GER"]
[SourceTitle "EXT 2022"]
[Source "ChessBase"]
[SourceDate "2021.10.06"]
[SourceVersion "1"]
[SourceVersionDate "2021.10.06"]
[SourceQuality "1"]
[WhiteTeam "Putlitzer SV 1921"]
[BlackTeam "Wismar TSG II"]
[WhiteTeamCountry "GER"]
[BlackTeamCountry "GER"]

1. d4 c6 2. c4 d5 3. Nc3 Nf6 4. Nf3 e6 5. Bg5 Be7 6. e3 Nbd7 7. Rc1 dxc4 8. Bxc4 Nb6 9. Bd3 h6 10. Bh4 0-0 11. 0-0 Nbd7 12. Bb1 Re8 13. Qc2 Nf8 14. Ne5 Nh5 15. Bxe7 Qxe7 16. Na4 Rd8 17. a3 Bd7 18. Nxd7 Rxd7 19. Qe2 Nf6 20. f4 Rad8 21. Nc5 Rc7 22. b4 b6 23. Nd3 N6d7 24. Rc3 Rdc8 25. Rfc1 Qd6 26. Nf2 Nf6 27. Ne4 Nxe4 28. Bxe4 Nd7 29. Bf3 Nf6 30. g3 Nd5 31. R3c2 c5 32. dxc5 bxc5 33. e4 Ne7 34. b5 Qd4+ 35. Qf2 Qd7 36. Rxc5 Rxc5 37. Rxc5 Rxc5 38. Qxc5 Ng6 39. b6 axb6 40. Qxb6 Qd3 41. Bh5 Qxe4 42. Bxg6 fxg6 43. Qb4 Qe3+ 44. Kg2 1/2-1/2